| 000 | 01494cam a2200409 i 4500 | ||
|---|---|---|---|
| 999 |
_c4011 _d4011 |
||
| 001 | .b30705873 | ||
| 003 | OCoLC | ||
| 005 | 20241210103510.0 | ||
| 008 | 220511t20071994enka j 001 0 engd | ||
| 020 |
_a9781407103433 _q(pbk.) |
||
| 035 |
_a(OCoLC)229463395 _z(OCoLC)137313403 |
||
| 040 |
_aUKM _cUKM _dOCLCG _dAU@ _dBTCTA _dYDXCP _dRDI _dKH8 |
||
| 042 | _anbic | ||
| 082 | _a940.53 DEA | ||
| 100 | 1 |
_aDeary, Terry, _eauthor. |
|
| 245 | 1 | 0 |
_aBlitzed Brits / _cTerry Deary ; illustrated by Martin Brown & Kate Sheppard. |
| 264 | 1 |
_aLondon : _bScholastic, _c2007. |
|
| 264 | 4 | _c©1994. | |
| 300 |
_a140 pages : _billustrations ; _c20 cm. |
||
| 336 |
_atext _btxt _2rdacontent. |
||
| 337 |
_aunmediated _bn _2rdamedia. |
||
| 338 |
_avolume _bnc _2rdacarrier. |
||
| 490 | 1 | _aHorrible histories. | |
| 500 | _aIncludes index. | ||
| 500 | _aOriginally published: London: Hippo, 1994. | ||
| 521 | 8 |
_a750L _bLexile. |
|
| 650 | 0 |
_aBlackouts in war _xHistory _y20th century _vJuvenile literature. |
|
| 650 | 0 |
_aWorld War, 1939-1945 _xSocial aspects _zGreat Britain _vJuvenile literature. |
|
| 650 | 0 |
_aWorld War, 1939-1945 _xAerial operations, German _vJuvenile literature. |
|
| 651 | 0 |
_aGreat Britain _xHistory _yBombardment, 1944-1945 _vJuvenile literature. |
|
| 699 | _aEnglish reading Lexile 750. | ||
| 699 | _aEnglish reading range 701-800. | ||
| 700 | 1 |
_aSheppard, Kate, _eillustrator. |
|
| 700 | 1 |
_aBrown, Martin, _d1959- _eillustrator. |
|
| 830 | 0 | _aHorrible histories. | |
| 942 |
_2ddc _cNFIC |
||